[Event "Idaho Senior Open"]
[Site "Boise, ID"]
[Date "2019.05.18"]
[Round "4.2"]
[White "Fucsko, Janos"]
[Black "Henderson, Michael A"]
[Result "1-0"]
[WhiteElo "1643"]
[BlackElo "1800"]
[EventRounds "4"]
[EventCountry "USA"]

1. Nf3 d5 2. e4 dxe4 3. Ng5 e5 4. Nxe4 Be6 5. Nbc3 f5 6. Ng3 Nf6 7. Qe2 Nc6 8.
d3 Qd7 9. Bg5 Be7 10. O-O-O h6 11. Bxf6 Bxf6 12. Qh5+ Qf7 13. Qxf7+ Kxf7 14.
Be2 Nd4 15. Rhe1 g6 16. Bf1 c5 17. Kb1 a6 18. Na4 b6 19. Nxb6 Rab8 20. Nc4 Nb5
21. Ne2 Bxc4 22. dxc4 Na3+ 23. Kc1 Nxc4 24. b3 Nb6 25. Rd6 e4 26. Red1 Be5 27.
Rc6 Rhc8 28. Rxc8 Rxc8 29. g3 Ke7 30. c4 a5 31. Kc2 a4 32. Nc3 axb3+ 33. axb3
Bd4 34. Rd2 g5 35. h3 Ke6 36. Re2 Nd7 37. f3 e3 38. Nd5 Re8 39. Nc7+ {#r} 1-0

[Event "Idaho Senior Open"]
[Site "Boise, ID"]
[Date "2019.05.18"]
[Round "4.3"]
[White "Baumann, David C"]
[Black "Booth, Tom R"]
[Result "0-1"]
[WhiteElo "712"]
[BlackElo "1567"]
[EventRounds "4"]
[EventCountry "USA"]

1. d4 e6 2. e4 d5 3. Nc3 Nf6 4. e5 Nfd7 5. Nf3 a6 6. a4 c5 7. Be3 cxd4 8. Nxd4
Nb6 9. b3 Bb4 10. Bd2 Qc7 11. a5 Bxc3 12. Bxc3 Qxc3+ 13. Ke2 N6d7 14. f4 Nc6
15. Ra4 Nxd4+ 16. Qxd4 Qxd4 17. Rxd4 Nc5 18. Ke3 Bd7 19. Be2 O-O 20. h4 Rac8
21. g4 Ne4 22. Rc1 Rc3+ 23. Bd3 Rfc8 24. h5 Bb5 25. Rg1 Bxd3 26. cxd3 Nc5 27.
Rd1 Nxb3 28. Rb1 Nxd4 29. Kxd4 R3c7 30. g5 h6 31. Rb6 hxg5 32. fxg5 Kh7 33.
Ke3 Re7 34. Kd2 Rc5 35. Rb1 Rxa5 36. Rf1 Ra2+ 37. Ke3 Rg2 38. g6+ fxg6 39.
hxg6+ Kg8 {#R} 0-1